|
|
|
|
| LEADER |
01153nam a2200385 4500 |
| 001 |
DLU060055748 |
| 005 |
##20061019 |
| 008 |
##960819s1997 dcua b 001 0 eng |
| 010 |
# |
# |
|a 96041540
|
| 020 |
# |
# |
|a 082133803X (pbk.)
|
| 035 |
# |
# |
|a (DLC) 96041540
|
| 040 |
# |
# |
|a DLC
|c DLC
|d DLC
|
| 043 |
# |
# |
|a e-ur-ru
|
| 050 |
# |
# |
|a HC340.12.Z9
|b P66 1997
|
| 082 |
# |
# |
|a 362.5
|b Pov
|
| 245 |
# |
# |
|a Poverty in Russia :
|b public policy and private responses /
|c edited by Jeni Klugman
|
| 260 |
# |
# |
|a Washington, D.C. :
|b World Bank,
|c 1997
|
| 300 |
# |
# |
|a xiv, 281 p. :
|b ill. ;
|c 24 cm
|
| 440 |
# |
# |
|a EDI development studies,
|x 1020-105X
|
| 504 |
# |
# |
|a Includes bibliographical references (p. 263-274) and index
|
| 650 |
# |
# |
|a Poverty
|z Russia (Federation)
|
| 650 |
# |
# |
|a Unemployment
|z Russia (Federation)
|
| 651 |
# |
# |
|a Russia (Federation)
|x Economic conditions
|y 1991-
|
| 700 |
# |
# |
|a Klugman, Jeni,
|d 1964-
|
| 710 |
# |
# |
|a World Bank
|
| 923 |
# |
# |
|a 25/2006
|
| 992 |
# |
# |
|a 12.000
|
| 994 |
# |
# |
|a DLU
|
| 900 |
# |
# |
|a True
|
| 911 |
# |
# |
|a Đào Thị Thu Huyền
|
| 925 |
# |
# |
|a G
|
| 926 |
# |
# |
|a A
|
| 927 |
# |
# |
|a SH
|
| 980 |
# |
# |
|a Thư viện Trường Đại học Đà Lạt
|